LIBRARY & INFORMATION CENTRE, KCAET, TAVANUR

ONLINE PUBLIC ACCESS CATALOGUE (OPAC)

Modern Food Microbiology (Record no. 14312)

MARC details
000 -LEADER
fixed length control field 00300nam a22001337a 4500
020 ## - INTERNATIONAL STANDARD BOOK NUMBER
ISBN 9813045078
082 ## - DEWEY DECIMAL CLASSIFICATION NUMBER
Classification number 664
Item number JAY/MO
100 ## - MAIN ENTRY--AUTHOR NAME
Personal name Jay,James.M
245 ## - TITLE STATEMENT
Title Modern Food Microbiology
250 ## - EDITION STATEMENT
Edition statement 6
260 ## - PUBLICATION, DISTRIBUTION, ETC. (IMPRINT)
Place of publication Singapore
Name of publisher APAC Publishers services
Year of publication 2000
300 ## - PHYSICAL DESCRIPTION
Number of Pages 679
942 ## - ADDED ENTRY ELEMENTS (KOHA)
Koha item type Reference
Holdings
Withdrawn status Lost status Damaged status Collection code Home library Current library Shelving location Date acquired Source of acquisition Cost, normal purchase price Full call number Accession Number Koha item type
      Reference KAUAET KAUAET Reference1 15/06/2016 Penta Books, Calicut 895.00 664 JAY/MO 24188 Reference
free website counter